000 00745nam a22002297a 4500
003 UA-OsUOA
001 60871
007 ta
008 20090610b un ||||| |||| 00| 0 ukr d
090 _a314.18:316.42(477)
_bЛ93
942 _cBK
040 _aUA-OsUOA
_bukr
_cUA-OsUOA
_dUA-OsUOA
245 _aЛюдський розвиток в Україні: 2004 рік
_bЩорічна науково-колективна доповідь
_cЗа ред. Е.М.Лібанової
300 _a266 с.
955 _a1
041 _aukr
080 _a314.18:316.42(477)
020 _a966-02-3508-9
260 _aК.
_bАкадем-прес
_c2004
650 7 _a314 Демографія. Вивчення населення
_2UDC
999 _c346879
_d346879